Online
Catalog

La Romana : (Record no. 21321)

MARC details
000 -CABECERA
campo de control de longitud fija 02034nam a2200361 i 4500
001 - NÚMERO DE CONTROL
campo de control 000021823
003 - IDENTIFICADOR DEL NÚMERO DE CONTROL
campo de control DO-SdBNP
005 - FECHA Y HORA DE LA ÚLTIMA TRANSACCIÓN
campo de control 20251209122016.0
007 - CAMPO FIJO DE DESCRIPCIÓN FÍSICA--INFORMACIÓN GENERAL
campo de control de longitud fija ta
008 - DATOS DE LONGITUD FIJA--INFORMACIÓN GENERAL
campo de control de longitud fija 100913s1999 dr ac 000 0 spa d
040 ## - FUENTE DE LA CATALOGACIÓN
Centro catalogador/agencia de origen DO-SdBNP
Lengua de catalogación spa
Centro/agencia transcriptor BNPHU
Normas de descripción rda
041 ## - CÓDIGO DE LENGUA
Código de lengua del texto/banda sonora o título independiente spa
049 ## - FONDOS LOCALES (OCLC)
Fondos de biblioteca BNPD
082 #4 - NÚMERO DE LA CLASIFICACIÓN DECIMAL DEWEY
Número de clasificación 972.9383
Número de documento/Ítem J38r
Número de edición 22
100 1# - ENTRADA PRINCIPAL--NOMBRE DE PERSONA
Nombre de persona Jarvis Luis, Rafael,
Fechas asociadas al nombre 1964-
Término indicativo de función/relación autor
9 (RLIN) 38002
Código de función/relación aut.
245 13 - MENCIÓN DE TÍTULO
Título La Romana :
Resto del título origen y fundación /
Mención de responsabilidad, etc. Refael Jarvis Luis.
264 ## - PRODUCCIÓN, PUBLICACIÓN, DISTRIBUCIÓN, FABRICACIÓN Y COPYRIGHT
Producción, publicación, distribución, fabricación y copyright Santo Domingo :
Nombre del de productor, editor, distribuidor, fabricante Editora Búho,
Fecha de producción, publicación, distribución, fabricación o copyright 1999.
300 ## - DESCRIPCIÓN FÍSICA
Extensión 143 páginas :
Otras características físicas ilustraciones ;
Dimensiones 21 cm.
336 ## - TIPO DE CONTENIDO
Término de tipo de contenido texto
Código de tipo de contenido txt
Fuente rdacontent
337 ## - TIPO DE MEDIO
Nombre/término del tipo de medio sin mediación
Código del tipo de medio n
Fuente rdamedia
338 ## - TIPO DE SOPORTE
Nombre/término del tipo de soporte volumen
Código del tipo de soporte nc
Fuente rdacarrier
490 1# - MENCIÓN DE SERIE
Mención de serie Colección Provincias
Designación de volumen o secuencia 2
500 ## - NOTA GENERAL
Nota general Incluye notas al pie de páginas e índices de cuadros
504 ## - NOTA DE BIBLIOGRAFÍA, ETC.
Nota de bibliografía, etc. Bibliografía: páginas133-140
505 ## - NOTA DE CONTENIDO CON FORMATO
Nota de contenido con formato Prefacio, 9 -- Introducción, 13 -- Capítulo uno. La Romana, origen del nombre, 15 -- Capítulo dos. Fundación de la Romana, 31 -- Capítulo tres. Ordenamiento jurídico del pueblo, 37 -- Capítulo cuatro. Desarrollo industrial en la Romana, 43 -- Capítulo cinco. Ayuntamiento y municipalidad, 59 -- Capítulo seis. Censos, 65 -- Capítulo siete. Cuerpo de bomberos, 71 -- Capítulo ocho. Puerto, 73 -- Capítulo nueve. Aspecto religioso, 75 -- Capítulo diez. Característica arquitectónica, 79 -- Capítulo once. Periódicos, 85 -- Capítulo doce. Acontecimientos de primera categoría en la Romana, 95 -- Capítulo trece. Notas biográficas, 101 -- Conclusión, 109 -- Bibliografía, 133 -- Bibliografía de fotos, 141 -- Índice de cuadros, 143.
650 #4 - PUNTO DE ACCESO ADICIONAL DE MATERIA--TÉRMINO DE MATERIA
Término de materia o nombre geográfico como elemento de entrada Ciudades y pueblos
Subdivisión geográfica República Dominicana
9 (RLIN) 784
651 #0 - PUNTO DE ACCESO ADICIONAL DE MATERIA--NOMBRE GEOGRÁFICO
Nombre geográfico La Romana (República Dominicana)
9 (RLIN) 45329
651 #4 - PUNTO DE ACCESO ADICIONAL DE MATERIA--NOMBRE GEOGRÁFICO
Nombre geográfico La Romana (República Dominicana{Rpara}
Subdivisión general Vida Social Y Costumbres
9 (RLIN) 38004
651 #4 - PUNTO DE ACCESO ADICIONAL DE MATERIA--NOMBRE GEOGRÁFICO
Nombre geográfico La Romana (República Dominicana{Rpara}
Subdivisión general Condiciones Sociales
9 (RLIN) 38005
830 #0 - PUNTO DE ACCESO ADICIONAL DE SERIE-TÍTULO UNIFORME
Título uniforme Colección Provincias
Número de parte o sección de la obra 2
9 (RLIN) 45330
910 ## - DATOS DE OPCIÓN DEL USUARIO (OCLC)
Datos de opción del usuario Validado. Control de calidad BNPHU
942 ## - ELEMENTOS DE PUNTO DE ACCESO ADICIONAL (KOHA)
Fuente del sistema de clasificación o colocación Dewey Decimal Classification
Tipo de ítem Koha Libro
Holdings
Estado de retiro Estado de pérdida Fuente del sistema de clasificación o colocación Restricciones de uso No para préstamo Código de colección Localización permanente Ubicación/localización actual Ubicación en estantería Fecha de adquisición Total de préstamos Signatura topográfica completa Código de barras Fecha visto por última vez Número de copia Precio válido a partir de Tipo de ítem Koha
    Dewey Decimal Classification Préstamo en sala   Dominicana de Servicio Biblioteca Nacional Pedro Henríquez Ureña Biblioteca Nacional Pedro Henríquez Ureña Depósito 13.09.2010   BNPHU DS 972.9383 J38r 21823-30 25.06.2020 e. 4 25.06.2020 Libro
    Dewey Decimal Classification Préstamo en sala   Dominicana de Servicio Biblioteca Nacional Pedro Henríquez Ureña Biblioteca Nacional Pedro Henríquez Ureña Depósito 13.09.2010   BNPHU DS 972.9383 J38r 21823-40 25.06.2020 e. 3 25.06.2020 Libro
    Dewey Decimal Classification Excluido de préstamo   Patrimonio Dominicano Biblioteca Nacional Pedro Henríquez Ureña Biblioteca Nacional Pedro Henríquez Ureña Depósito 13.09.2010   BNPHU PD 972.9383 J38r 21823-10 25.06.2020 e. 2 25.06.2020 Libro
    Dewey Decimal Classification Excluido de préstamo   Patrimonio Dominicano Biblioteca Nacional Pedro Henríquez Ureña Biblioteca Nacional Pedro Henríquez Ureña Depósito 13.09.2010   BNPHU PD 972.9383 J38r 21823-20 25.06.2020   25.06.2020 Libro

Powered by Koha